Community accountability, minority threat and policy brutality: An examination of civil rights criminal complaints

Gespeichert in:  
Bibliographische Detailangaben
VerfasserInnen: Smith, Brad W. (Verfasst von) ; Holmes, Malcolm D. (Verfasst von)
Medienart: Elektronisch Aufsatz
Sprache:Englisch
Veröffentlicht: 2003
In: Criminology
Jahr: 2003, Band: 41, Heft: 4, Seiten: 1035 -
Online-Zugang: Volltext (lizenzpflichtig)
Verfügbarkeit prüfen: HBZ Gateway

MARC

LEADER 00000caa a22000002c 4500
001 1912484188
003 DE-627
005 20250125055056.0
007 cr uuu---uuuuu
008 241217s2003 xx |||||o 00| ||eng c
024 7 |a 10.1111/j.1745-9125.2003.tb01013.x  |2 doi 
035 |a (DE-627)1912484188 
035 |a (DE-599)KXP1912484188 
040 |a DE-627  |b ger  |c DE-627  |e rda 
041 |a eng 
084 |a 2,1  |2 ssgn 
100 1 |a Smith, Brad W.  |e VerfasserIn  |0 (DE-588)1079666354  |0 (DE-627)841304599  |0 (DE-576)452869145  |4 aut 
109 |a Smith, Brad W. 
245 1 0 |a Community accountability, minority threat and policy brutality: An examination of civil rights criminal complaints 
264 1 |c 2003 
336 |a Text  |b txt  |2 rdacontent 
337 |a Computermedien  |b c  |2 rdamedia 
338 |a Online-Ressource  |b cr  |2 rdacarrier 
700 1 |a Holmes, Malcolm D.  |e VerfasserIn  |4 aut 
773 0 8 |i Enthalten in  |t Criminology  |d Oxford [u.a.] : Wiley-Blackwell, 1970  |g 41(2003), 4, Seite 1035 -  |h Online-Ressource  |w (DE-627)340877685  |w (DE-600)2066199-X  |w (DE-576)25810161X  |x 1745-9125  |7 nnas 
773 1 8 |g volume:41  |g year:2003  |g number:4  |g pages:1035 - 
787 0 8 |i Forschungsdaten  |a United States Department of Justice. Office of Justice Programs. Bureau of Justice Statistics  |t Law Enforcement Management and Administrative Statistics (LEMAS), 1990  |d [Erscheinungsort nicht ermittelbar] : [Verlag nicht ermittelbar], 1993  |w (DE-627)1840049480 
856 4 0 |u https://doi.org/10.1111/j.1745-9125.2003.tb01013.x  |x Resolving-System  |z lizenzpflichtig  |3 Volltext  |7 1 
935 |a mkri 
951 |a AR 
ELC |a 1 
LOK |0 000 xxxxxcx a22 zn 4500 
LOK |0 001 4637449685 
LOK |0 003 DE-627 
LOK |0 004 1912484188 
LOK |0 005 20241217044230 
LOK |0 008 241217||||||||||||||||ger||||||| 
LOK |0 035   |a (DE-2619)ICPSR28290 
LOK |0 040   |a DE-2619  |c DE-627  |d DE-2619 
LOK |0 092   |o n 
LOK |0 852   |a DE-2619 
LOK |0 852 1  |9 00 
LOK |0 935   |a nacp 
LOK |0 939   |a 17-12-24  |b l01 
ORI |a SA-MARC-krimdoka001.raw